000 00751nam a2200229Ia 4500
001 984
003 GE_BSU
008 181216s||||||||xx |||||||||||||| ||und||
010 _a5947235684
040 _cGE_BSU
080 _a004.9(075.8)
100 _aПавловская,Т.А.
245 _aС/С++Программирование на языке высокого уровня
245 _bУч-у пособ. для вузов по напр-ю "информатика и вычислительная техника
260 _aСПБ
260 _bПитер
260 _c2004
300 _a460стр.
541 _h15л.
653 _aС/С++Программирование на языке высокого уровня
942 _cBK
999 _c35142
_d35142